00688 2200241 4500001002100000005001500021035002000036007000300056008004100059020002200100082001100122084001700133100001700150245007400167250001000241260004200251300002700293500007100320650001800391700001500409990001100424990001100435INLIS00000000000343920190520100204 a0010-0519000031ta190520 g 0 ind  a978-602-6563-72-9 a297.74 a297.74 ABD k0 aABDUL, Bakir1 aKumpulan Khutbah Jum'at Terbaik Sepanjang Tahun Hijrah /cAbdul Bakir acet.1 aSukmajaya :bSenja Media Utama,c2018 axxii, 596 hlm ;c24 cm aJudul asli: Kumpulan Khutbah Jum'at Terbaik Sepanjang Tahun Hijrah 4aISLAM. DAKWAH0 aABU, Nayra a6550 a a6550 b